American History Groups of Things #1 - Statistics

General Stats
  • This quiz has been taken 188 times
  • The average score is 41 of 50
Answer Stats
- Answer % Correct
Assassinated Presidents John F. Kennedy
98%
National Capitals Washington D.C.
98%
Assassinated Presidents Abraham Lincoln
97%
Presidents Born "British" George Washington
97%
13 Colonies New York
97%
National Capitals New York City
97%
13 Colonies Virginia
97%
Countries invaded in 2000s Iraq
96%
13 Colonies Delaware
95%
Main Political Parties Republican
94%
Main Political Parties Democrat
93%
Presidents Born "British" John Adams
93%
13 Colonies Massachusetts
93%
13 Colonies New Jersey
93%
13 Colonies North Carolina
93%
13 Colonies South Carolina
93%
Officially Declared Wars World War II
93%
13 Colonies Connecticut
92%
Presidents Born "British" Thomas Jefferson
92%
Officially Declared Wars World War I
92%
Countries invaded in 2000s Afghanistan
91%
13 Colonies Rhode Island
91%
Presidents Born "British" John Q. Adams
90%
13 Colonies Maryland
89%
13 Colonies New Hampshire
89%
13 Colonies Pennsylvania
89%
13 Colonies Georgia
86%
Presidents Born "British" James Madison
84%
Presidents Born "British" James Monroe
81%
Six Flags Over Texas United States
81%
Assassinated Presidents William McKinley
81%
National Capitals Philadelphia
80%
Assassinated Presidents James A. Garfield
77%
Six Flags Over Texas Mexico
77%
Six Flags Over Texas Texas
76%
Officially Declared Wars War of 1812
74%
Presidents Born "British" Andrew Jackson
73%
Six Flags Over Texas Spain
73%
Officially Declared Wars Spanish-American War
72%
Six Flags Over Texas France
64%
Officially Declared Wars Mexican-American War
62%
Original Cabinet Positions Secretary of State
62%
Original Cabinet Positions Secretary of War
60%
Whig Presidents Zachary Taylor
59%
Whig Presidents John Tyler
58%
Original Cabinet Positions Secretary of the Treasury
56%
Whig Presidents William Henry Harrison
56%
Six Flags Over Texas Confederate States
51%
Whig Presidents Millard Fillmore
48%
Original Cabinet Positions Attorney General
32%
No matching quizzes found
Score Distribution
Percent of People with Each Score
Percentile by Number Answered
Your Score History
You have not taken this quiz